| 000 | 00623nam a2200241 a 4500 | ||
|---|---|---|---|
| 003 | AR-BaBNM | ||
| 005 | 20251128204433.0 | ||
| 008 | 082120s2002 ||||||||||||||000 | spa|| | ||
| 040 | _cAR-BaBNM | ||
| 100 | 1 | _aBuchwald, Karin | |
| 245 | 0 | 0 | _aCalcetines de abrigo tejidos a mano |
| 260 |
_aBuenos Aires _bKapelusz _c1978 |
||
| 300 |
_a52 p. _bil., láms. |
||
| 490 | 0 | _aCómo hacer | |
| 650 | 4 | _aACTIVIDADES DE APRENDIZAJE | |
| 650 | 4 | _aARTESANIAS | |
| 653 | 0 | _aTEJIDO | |
| 653 | _aEDUCACION PRIMARIA | ||
| 653 | _aTRABAJO MANUAL | ||
| 700 | 1 |
_aStock, Yolanda K. de _etraductor |
|
| 942 | _cBK | ||
| 998 | _cEnrique | ||
| 999 |
_c7421 _d7421 |
||